=LDR 00000nam 2200000 4500 =001 INLIS000000001052440 =005 20240829104127 =035 ##$$a 0010-0824000258 =007 ta =008 240829################a##########1###### =020 ##$$a 978-89-6329-601-2 =082 ##$$a 028.55 =084 ##$$a 028.55 JEO b =100 #$$a Jeong Yoon-gil =245 1#$$a Bayi Lahir /$c Jeong Yoon-gil =260 ##$$a Tolstoy Korea :$b Gyeonggi-do =300 ##$$a 29 hlm : $b ilus ; $c 21,6 x 26 cm =650 #4$$a Bacaan kanak-kanak =990 ##$$a 18291829